<?xml version="1.0" encoding="UTF-8"?>
<record
    xmlns:xsi="http://www.w3.org/2001/XMLSchema-instance"
    xsi:schemaLocation="http://www.loc.gov/MARC21/slim http://www.loc.gov/standards/marcxml/schema/MARC21slim.xsd"
    xmlns="http://www.loc.gov/MARC21/slim">

  <leader>01071cam a22002538i 4500</leader>
  <datafield tag="999" ind1=" " ind2=" ">
    <subfield code="c">58098</subfield>
    <subfield code="d">58098</subfield>
  </datafield>
  <controlfield tag="001">18708879</controlfield>
  <controlfield tag="005">20210615114442.0</controlfield>
  <controlfield tag="008">150721s2016    enk      b    001 0 eng  </controlfield>
  <datafield tag="020" ind1=" " ind2=" ">
    <subfield code="a">9781849055901 </subfield>
  </datafield>
  <datafield tag="041" ind1=" " ind2=" ">
    <subfield code="a">eng</subfield>
  </datafield>
  <datafield tag="080" ind1=" " ind2=" ">
    <subfield code="a">376-056.2 H-88</subfield>
  </datafield>
  <datafield tag="100" ind1="1" ind2=" ">
    <subfield code="a">Hudson, Diana</subfield>
    <subfield code="9">12046</subfield>
  </datafield>
  <datafield tag="245" ind1="1" ind2="0">
    <subfield code="a">Specific learning difficulties :</subfield>
    <subfield code="b">what teachers need to know /</subfield>
    <subfield code="c">Diana Hudson ; illustrated by Jon English.</subfield>
  </datafield>
  <datafield tag="264" ind1=" " ind2="1">
    <subfield code="a">London ;</subfield>
    <subfield code="a">Philadelphia :</subfield>
    <subfield code="b">Jessica Kingsley Publishers,</subfield>
    <subfield code="c">2016.</subfield>
  </datafield>
  <datafield tag="300" ind1=" " ind2=" ">
    <subfield code="a">244 pages ;</subfield>
    <subfield code="c">22 cm.</subfield>
  </datafield>
  <datafield tag="653" ind1=" " ind2=" ">
    <subfield code="a">&#x10E1;&#x10EC;&#x10D0;&#x10D5;&#x10DA;&#x10D8;&#x10E1; &#x10D9;&#x10DD;&#x10DC;&#x10D9;&#x10E0;&#x10D4;&#x10E2;&#x10E3;&#x10DA;&#x10D8; &#x10E1;&#x10D8;&#x10E0;&#x10D7;&#x10E3;&#x10DA;&#x10D4;&#x10D4;&#x10D1;&#x10D8;</subfield>
  </datafield>
  <datafield tag="653" ind1=" " ind2=" ">
    <subfield code="a">&#x41E;&#x441;&#x43E;&#x431;&#x44B;&#x435; &#x442;&#x440;&#x443;&#x434;&#x43D;&#x43E;&#x441;&#x442;&#x438; &#x432; &#x43E;&#x431;&#x443;&#x447;&#x435;&#x43D;&#x438;&#x438;</subfield>
  </datafield>
  <datafield tag="653" ind1=" " ind2=" ">
    <subfield code="a">&#x10E1;&#x10EC;&#x10D0;&#x10D5;&#x10DA;&#x10D8;&#x10E1; &#x10E3;&#x10DC;&#x10D0;&#x10E0;&#x10D8;&#x10E1; &#x10E8;&#x10D4;&#x10D6;&#x10E6;&#x10E3;&#x10D3;&#x10D5;&#x10D0;</subfield>
  </datafield>
  <datafield tag="653" ind1=" " ind2=" ">
    <subfield code="a">&#x41D;&#x430;&#x440;&#x443;&#x448;&#x435;&#x43D;&#x438;&#x44F; &#x43E;&#x431;&#x443;&#x447;&#x430;&#x435;&#x43C;&#x43E;&#x441;&#x442;&#x438;</subfield>
  </datafield>
  <datafield tag="653" ind1=" " ind2=" ">
    <subfield code="a">&#x447;&#x442;&#x43E; &#x43D;&#x443;&#x436;&#x43D;&#x43E; &#x437;&#x43D;&#x430;&#x442;&#x44C; &#x443;&#x447;&#x438;&#x442;&#x435;&#x43B;&#x44F;&#x43C;</subfield>
  </datafield>
  <datafield tag="653" ind1=" " ind2=" ">
    <subfield code="a">&#x10E0;&#x10D0; &#x10E3;&#x10DC;&#x10D3;&#x10D0; &#x10D8;&#x10EA;&#x10DD;&#x10D3;&#x10DC;&#x10D4;&#x10DC; &#x10DB;&#x10D0;&#x10E1;&#x10EC;&#x10D0;&#x10D5;&#x10DA;&#x10D4;&#x10D1;&#x10DA;&#x10D4;&#x10D1;&#x10DB;&#x10D0;</subfield>
  </datafield>
  <datafield tag="700" ind1=" " ind2=" ">
    <subfield code="a">English, Jon</subfield>
    <subfield code="e">&#x10DB;&#x10EE;&#x10D0;&#x10E2;&#x10D5;&#x10D0;&#x10E0;&#x10D8;</subfield>
    <subfield code="9">12047</subfield>
  </datafield>
  <datafield tag="942" ind1=" " ind2=" ">
    <subfield code="2">udc</subfield>
    <subfield code="c">BK</subfield>
  </datafield>
  <datafield tag="952" ind1=" " ind2=" ">
    <subfield code="0">0</subfield>
    <subfield code="1">0</subfield>
    <subfield code="2">udc</subfield>
    <subfield code="4">0</subfield>
    <subfield code="6">3760562_H88</subfield>
    <subfield code="7">0</subfield>
    <subfield code="9">90377</subfield>
    <subfield code="a">CPL</subfield>
    <subfield code="b">CPL</subfield>
    <subfield code="c">GEN</subfield>
    <subfield code="d">2021-06-15</subfield>
    <subfield code="g">90.00</subfield>
    <subfield code="o">376-056.2 H-88</subfield>
    <subfield code="p">61386</subfield>
    <subfield code="r">2021-06-15</subfield>
    <subfield code="t">61386</subfield>
    <subfield code="w">2021-06-15</subfield>
    <subfield code="y">BK</subfield>
    <subfield code="z">90 &#x10DA;.</subfield>
  </datafield>
</record>
